[Event "IECG QB.2007.0.00089 email"]
[Site "IECG email"]
[Date "2007.06.25"]
[Round "?"]
[White "Cenci, Federico"]
[Black "Szabo, Eleonora"]
[Result "0-1"]
[WhiteElo "1998"]
[BlackElo "1902"]
[PlyCount "22"]
[EventDate "2007.06.25"]
[EventType "tourn (corr)"]
[EventRounds "6"]
[SourceTitle "Corr 2024"]
[Source "ChessBase"]
[SourceDate "2023.10.19"]
[SourceVersion "1"]
[SourceVersionDate "2023.10.19"]
[SourceQuality "1"]

1. d4 d5 2. c4 Nf6 3. cxd5 c6 4. dxc6 Nxc6 5. Nf3 e5 6. e3 exd4 7. Nxd4 Bd7 8. Be2 Bc5 9. 0-0 0-0 10. Nc3 h6 11. Nxc6 Bxc6 0-1

[Event "Salsomaggiore Terme op 8th"]
[Site "Salsomaggiore Terme"]
[Date "2004.??.??"]
[Round "2"]
[White "Cenci, Federico"]
[Black "Ambrosi, Eleonora"]
[Result "0-1"]
[WhiteElo "1645"]
[BlackElo "2115"]
[PlyCount "70"]
[EventDate "2004.05.??"]
[EventType "swiss"]
[EventRounds "6"]
[EventCountry "ITA"]
[SourceTitle "EXT 2007"]
[Source "ChessBase"]
[SourceDate "2006.11.23"]
[SourceVersion "1"]
[SourceVersionDate "2006.11.23"]
[SourceQuality "1"]

1. e4 c5 2. Nf3 Nc6 3. d4 cxd4 4. Nxd4 Qc7 5. Nc3 e6 6. a3 a6 7. Be2 Nf6 8. 0-0 h5 9. Re1 Nxd4 10. Qxd4 Bc5 11. Qd2 Bd6 12. f4 Bc5+ 13. Kh1 Ng4 14. Bxg4 hxg4 15. Qe2 g3 16. h3 Bf2 17. Rd1 Qc5 18. Rd3 b5 19. Be3 Qe7 20. Bxf2 gxf2 21. Qxf2 Bb7 22. Re1 Qh4 23. Qd4 Qxe1+ 24. Kh2 Bc6 25. f5 Rh7 26. Nd5 Bxd5 27. exd5 Qh4 28. Qe3 Qf6 29. fxe6 fxe6 30. Qc5 Rh5 31. Re3 Qe7 32. Qc3 Rxd5 33. Rg3 Rg5 34. Rf3 Qd6+ 35. Kg1 Qc5+ 0-1

[Event "Salsomaggiore Terme op 8th"]
[Site "Salsomaggiore Terme"]
[Date "2004.??.??"]
[Round "6"]
[White "Cenci, Federico"]
[Black "Terbonati, Paolo"]
[Result "1-0"]
[WhiteElo "1645"]
[BlackElo "1925"]
[PlyCount "77"]
[EventDate "2004.05.??"]
[EventType "swiss"]
[EventRounds "6"]
[EventCountry "ITA"]
[SourceTitle "EXT 2007"]
[Source "ChessBase"]
[SourceDate "2006.11.23"]
[SourceVersion "1"]
[SourceVersionDate "2006.11.23"]
[SourceQuality "1"]

1. e4 c5 2. Nf3 d6 3. d4 cxd4 4. Nxd4 Nf6 5. Nc3 g6 6. Be3 Bg7 7. f3 0-0 8. Qd2 Re8 9. Bc4 Nc6 10. 0-0-0 Na5 11. Bb3 Nxb3+ 12. axb3 Bd7 13. Bh6 Qa5 14. Kb1 Rac8 15. Bxg7 Kxg7 16. h4 h5 17. Nd5 Qxd2 18. Rxd2 Nxd5 19. exd5 Rc5 20. c4 a5 21. Kc2 b5 22. Kd3 a4 23. bxa4 bxc4+ 24. Kc3 Bxa4 25. Ra1 Ra8 26. Nc2 Rca5 27. Ne3 Bd7 28. Rxa5 Rxa5 29. Kxc4 Kf6 30. b4 Bb5+ 31. Kb3 Ra1 32. Nc2 Rh1 33. Nd4 Ba6 34. b5 Bb7 35. Nc6 e6 36. dxe6 Kxe6 37. Nd8+ Kd7 38. Nxb7 Ra1 39. Nxd6 1-0